000 00454nam a2200169Ia 4500
003 GCL
008 140319s9999 xx 000 0 eng d
040 _aGCL /
_cGCL
082 0 4 _a658
_bF O
100 1 _aBELL,CECIL H
245 1 0 _aORGANIZATION DEVELEOPMENT /
_cBELL,CECIL H
260 _a[S.N] :
_bprentice- hell imternational, inc ،
_c1990
300 _a320 P
650 0 4 _aORGANIZATION
650 0 4 _aDEVELOPMENT ORGANIZATION
942 _2ddc
_cBK
999 _c16691
_d16691